[Event "Monarch Assurance Isle of Man 14th"]
[Site "Port Erin IOM"]
[Date "2005.09.24"]
[Round "1.28"]
[White "Adams, Phil"]
[Black "Lalic, Bogdan"]
[Result "1/2-1/2"]
[WhiteElo "2138"]
[BlackElo "2491"]
[PlyCount "36"]
[EventDate "2005.09.24"]
[EventType "swiss"]
[EventRounds "9"]
[EventCountry "IOM"]

1. e4 e5 2. Nc3 Nf6 3. Nf3 Nc6 4. d4 exd4 5. Nxd4 Bc5 6. Nxc6 bxc6 7. Bd3 d6 8.
h3 O-O 9. O-O Nd7 10. Na4 a5 11. Nxc5 Nxc5 12. Be3 Nxd3 13. Qxd3 Qh4 14. Rfe1
Re8 15. c4 c5 16. Bd2 Bb7 17. f3 Re6 18. a4 Qd8 1/2-1/2

[Event "Monarch Assurance Isle of Man 14th"]
[Site "Port Erin IOM"]
[Date "2005.09.24"]
[Round "1.29"]
[White "Sundararajan, Kidambi"]
[Black "Fox, Anthony"]
[Result "1-0"]
[WhiteElo "2484"]
[BlackElo "2118"]
[PlyCount "79"]
[EventDate "2005.09.24"]
[EventType "swiss"]
[EventRounds "9"]
[EventCountry "IOM"]

1. Nf3 d5 2. d4 Nf6 3. c4 e6 4. Nc3 Be7 5. Bg5 O-O 6. e3 h6 7. Bh4 b6 8. Bd3
Bb7 9. O-O Nbd7 10. Bg3 c5 11. Qe2 a6 12. a4 Ne4 13. Rfd1 Nxg3 14. hxg3 Nf6 15.
Rac1 Qb8 16. Ne5 Bd6 17. f4 Qa7 18. Bb1 g6 19. g4 Rad8 20. f5 exf5 21. gxf5 g5
22. Nxd5 Bxd5 23. cxd5 Qc7 24. Nc6 Rde8 25. dxc5 Bxc5 26. Rxc5 bxc5 27. Qf3 g4
28. d6 Qd7 29. Qf4 Qxc6 30. Qxh6 Qxa4 31. Rf1 g3 32. d7 Qxd7 33. Qg5+ Kh7 34.
Qh4+ Kg7 35. Qxg3+ Kh8 36. Qh4+ Kg7 37. Qg5+ Kh7 38. Rf4 Qd1+ 39. Kh2 Nh5 40.
f6+ 1-0

[Event "Monarch Assurance Isle of Man 14th"]
[Site "Port Erin IOM"]
[Date "2005.09.24"]
[Round "1.30"]
[White "Hickman, John"]
[Black "Howell, David W"]
[Result "0-1"]
[WhiteElo "2115"]
[BlackElo "2471"]
[PlyCount "46"]
[EventDate "2005.09.24"]
[EventType "swiss"]
[EventRounds "9"]
[EventCountry "IOM"]

1. Nf3 Nf6 2. d3 d5 3. Nbd2 c5 4. g3 Nc6 5. Bg2 g6 6. O-O Bg7 7. e4 O-O 8. Re1
e5 9. exd5 Nxd5 10. c3 h6 11. Nc4 Re8 12. a4 Bf5 13. Nh4 Be6 14. Nf3 Qc7 15.
Qe2 Nb6 16. Ne3 Rad8 17. h4 Qd7 18. a5 Nc8 19. Rd1 f5 20. Rd2 Nd6 21. Nc4 e4
22. dxe4 Bxc4 23. Qd1 fxe4 0-1

[Event "Monarch Assurance Isle of Man 14th"]
[Site "Port Erin IOM"]
[Date "2005.09.24"]
[Round "1.31"]
[White "Neubauer, Martin"]
[Black "Heyl, Thomas"]
[Result "1-0"]
[WhiteElo "2468"]
[BlackElo "2101"]
[PlyCount "67"]
[EventDate "2005.09.24"]
[EventType "swiss"]
[EventRounds "9"]
[EventCountry "IOM"]

1. e4 c5 2. Nf3 e6 3. c3 d5 4. exd5 exd5 5. d4 Nc6 6. Bb5 Bg4 7. O-O Bd6 8.
dxc5 Bxc5 9. Qa4 Bd7 10. Nbd2 Nge7 11. Nb3 Bb6 12. Re1 O-O 13. Be3 Nf5 14. Bc5
a6 15. Bxc6 Bxc6 16. Qf4 Bxc5 17. Nxc5 g6 18. Re5 Re8 19. Rae1 Rxe5 20. Rxe5
Qf8 21. Nd3 Re8 22. g4 Rxe5 23. Qxe5 Nd6 24. Nd4 Nc4 25. Qe2 Qd8 26. b3 Nd6 27.
Ne5 Ne4 28. c4 Qg5 29. Nexc6 bxc6 30. Nxc6 Qf4 31. cxd5 h6 32. h3 Nd2 33. Kg2
Ne4 34. Qe3 1-0

[Event "Monarch Assurance Isle of Man 14th"]
[Site "Port Erin IOM"]
[Date "2005.09.24"]
[Round "1.32"]
[White "Fraser-Mitchell, Jeremy"]
[Black "Neelotpal, Das"]
[Result "1/2-1/2"]
[WhiteElo "2098"]
[BlackElo "2467"]
[PlyCount "40"]
[EventDate "2005.09.24"]
[EventType "swiss"]
[EventRounds "9"]
[EventCountry "IOM"]

1. d4 Nf6 2. c4 c5 3. d5 b5 4. cxb5 a6 5. Nc3 axb5 6. e4 b4 7. Nb5 d6 8. Bc4 g6
9. e5 dxe5 10. d6 exd6 11. Bg5 Ra5 12. Nf3 Nc6 13. Qb3 Bg7 14. Rd1 Nd4 15.
Nbxd4 exd4 16. Bxf7+ Kf8 17. O-O d5 18. Ne5 h6 19. Bh4 g5 20. Bg3 Rb5 1/2-1/2

[Event "Monarch Assurance Isle of Man 14th"]
[Site "Port Erin IOM"]
[Date "2005.09.24"]
[Round "1.33"]
[White "Kunin, Vitaly"]
[Black "Hutchinson, Norman A"]
[Result "1-0"]
[WhiteElo "2448"]
[BlackElo "2097"]
[PlyCount "47"]
[EventDate "2005.09.24"]
[EventType "swiss"]
[EventRounds "9"]
[EventCountry "IOM"]

1. d4 Nf6 2. c4 e6 3. Nf3 b6 4. g3 Ba6 5. Qb3 d5 6. cxd5 Qxd5 7. Qc2 Nc6 8. Bg2
Bb4+ 9. Kf1 O-O-O 10. Bf4 Qc4 11. Qxc4 Bxc4 12. Nbd2 Ba6 13. Rc1 e5 14. dxe5
Nh5 15. Bg5 f6 16. exf6 gxf6 17. Bh6 Ne5 18. a3 Bxd2 19. Bh3+ Kb8 20. Nxd2 Rhe8
21. Rc2 Rxd2 22. Bxd2 Nf3 23. Be3 Rd8 24. Bg4 1-0

[Event "Monarch Assurance Isle of Man 14th"]
[Site "Port Erin IOM"]
[Date "2005.09.24"]
[Round "1.34"]
[White "Henrichsen, Jens"]
[Black "Aagaard, Jacob"]
[Result "0-1"]
[WhiteElo "2075"]
[BlackElo "2442"]
[PlyCount "64"]
[EventDate "2005.09.24"]
[EventType "swiss"]
[EventRounds "9"]
[EventCountry "IOM"]

1. d4 Nf6 2. c4 e6 3. Nf3 d5 4. Nc3 Be7 5. Bg5 h6 6. Bh4 O-O 7. e3 b6 8. Rc1
Bb7 9. Bd3 dxc4 10. Bxc4 Nbd7 11. O-O c5 12. Qe2 a6 13. a4 Ne4 14. Bxe7 Qxe7
15. Nxe4 Bxe4 16. Nd2 Bb7 17. Nb3 cxd4 18. Nxd4 Rfc8 19. Rfd1 Qb4 20. b3 Ne5
21. Nc2 Qe7 22. Nd4 Nxc4 23. Rxc4 Rxc4 24. Qxc4 Qg5 25. g3 Rc8 26. Qd3 Qd5 27.
f3 e5 28. Nf5 Qxf3 29. e4 Qxd3 30. Rxd3 Rc1+ 31. Kf2 Bxe4 32. Rd8+ Kh7 0-1

[Event "Monarch Assurance Isle of Man 14th"]
[Site "Port Erin IOM"]
[Date "2005.09.24"]
[Round "1.35"]
[White "Kononenko, Tatiana"]
[Black "Bennion, David A"]
[Result "1/2-1/2"]
[WhiteElo "2442"]
[BlackElo "2074"]
[PlyCount "76"]
[EventDate "2005.09.24"]
[EventType "swiss"]
[EventRounds "9"]
[EventCountry "IOM"]

1. d4 Nf6 2. c4 g6 3. Nc3 d5 4. cxd5 Nxd5 5. Bd2 Bg7 6. e4 Nb6 7. Be3 O-O 8. h3
Be6 9. d5 Bd7 10. Nf3 c6 11. Bd4 cxd5 12. Bxg7 Kxg7 13. exd5 e6 14. Qd4+ Qf6
15. dxe6 Bxe6 16. Qxf6+ Kxf6 17. Nd4 Nc6 18. Nxc6 bxc6 19. Ba6 Bc4 20. Bxc4
Nxc4 21. O-O-O Rad8 22. b3 Nb6 23. Rhe1 Rxd1+ 24. Rxd1 Re8 25. Rd6+ Re6 26. Rd8
Ke5 27. Kd2 Rd6+ 28. Rxd6 Kxd6 29. Ne4+ Ke7 30. g3 f5 31. Ng5 h6 32. Nf3 Ke6
33. Kd3 c5 34. h4 Kd5 35. Ke3 Ke6 36. Kd3 Kd5 37. Ke3 Ke6 38. Kd3 Kd5 1/2-1/2

[Event "Monarch Assurance Isle of Man 14th"]
[Site "Port Erin IOM"]
[Date "2005.09.24"]
[Round "1.36"]
[White "Fairbairn, Stephen"]
[Black "Gladyszev, Oleg"]
[Result "1/2-1/2"]
[WhiteElo "2065"]
[BlackElo "2436"]
[PlyCount "96"]
[EventDate "2005.09.24"]
[EventType "swiss"]
[EventRounds "9"]
[EventCountry "IOM"]

1. c4 g6 2. d4 Bg7 3. Nc3 Nf6 4. Nf3 O-O 5. g3 d6 6. Bg2 Nbd7 7. O-O c6 8. e4
e5 9. h3 Qb6 10. c5 dxc5 11. dxe5 Ne8 12. e6 fxe6 13. Ng5 Ne5 14. f4 Nf7 15.
Nxf7 Bd4+ 16. Kh2 Rxf7 17. e5 Qc7 18. Ne4 b6 19. h4 Ba6 20. Re1 Bc4 21. Ng5 Rd7
22. Qg4 Ng7 23. Ne4 Nh5 24. Qf3 Rf8 25. Nd6 Bd5 26. Qe2 Qd8 27. Rf1 Ng7 28. Ne4
Kh8 29. Ng5 Qe7 30. a4 c4 31. Be4 Nf5 32. h5 Bc5 33. hxg6 hxg6 34. Kg2 Kg7 35.
Rh1 Rh8 36. Rxh8 Kxh8 37. Bd2 Bxe4+ 38. Nxe4 Qd8 39. Rh1+ Rh7 40. Rxh7+ Kxh7
41. Qxc4 Qxd2+ 42. Nxd2 Ne3+ 43. Kf3 Nxc4 44. Nxc4 Kg7 45. Ke4 Kf8 46. Nd2 Ke8
47. g4 b5 48. axb5 cxb5 1/2-1/2

[Event "Monarch Assurance Isle of Man 14th"]
[Site "Port Erin IOM"]
[Date "2005.09.24"]
[Round "1.37"]
[White "Zatonskih, Anna"]
[Black "Werner, Gert"]
[Result "1-0"]
[WhiteElo "2435"]
[BlackElo "2047"]
[PlyCount "153"]
[EventDate "2005.09.24"]
[EventType "swiss"]
[EventRounds "9"]
[EventCountry "IOM"]

1. e4 g6 2. d4 Bg7 3. Nc3 c6 4. h3 d5 5. Nf3 Nf6 6. Bd3 dxe4 7. Nxe4 Nxe4 8.
Bxe4 Nd7 9. O-O O-O 10. c3 e5 11. Bg5 Qc7 12. Bc2 exd4 13. cxd4 Nf6 14. Bb3 Bf5
15. Re1 Rad8 16. Rc1 Qa5 17. Re7 h6 18. Bd2 Qb6 19. Qe1 Rd7 20. Re2 Qd8 21. Bb4
Re8 22. Ne5 Nd5 23. Ba5 Qe7 24. Bc4 Bxe5 25. Rxe5 Be6 26. Bd2 Kg7 27. Bd3 Qf6
28. g3 Red8 29. Kh2 Ne7 30. Bc3 Bd5 31. f4 Nf5 32. Qe2 Rh8 33. Re1 Nd6 34. a4
h5 35. Qf2 Nf5 36. R1e2 a6 37. Re1 Nh6 38. Kg1 Rg8 39. R1e2 Nf5 40. Re1 Kh7 41.
Kh2 Nh6 {(=)} 42. Rxh5 Kg7 43. Rg5 Re7 44. Ree5 Rxe5 45. dxe5 Qxg5 46. e6+ f6
47. fxg5 Ng4+ 48. Kg1 Nxf2 49. gxf6+ Kh7 50. Kxf2 Bxe6 51. h4 Bf7 52. a5 Rd8
53. Be4 Kg8 54. Ke3 Kh7 55. Kf4 Rd1 56. Kg5 Rd5+ 57. Bxd5 Bxd5 58. Kf4 Kg8 59.
g4 Kf7 60. h5 gxh5 61. gxh5 Bb3 62. Ke5 Bd1 63. h6 Bc2 64. Kd6 Be4 65. Ke5 Bc2
66. Bd2 Bd3 67. b4 Bc2 68. Bg5 Bd3 69. Bc1 Bc2 70. Bb2 Bd3 71. Kd4 Bc2 72. Kc5
Bd3 73. Kb6 Be4 74. Kxb7 c5+ 75. Kxa6 cxb4 76. Kb5 Kg6 77. h7 1-0

[Event "Monarch Assurance Isle of Man 14th"]
[Site "Port Erin IOM"]
[Date "2005.09.24"]
[Round "1.38"]
[White "Spanton, Tim"]
[Black "Greet, Andrew N"]
[Result "0-1"]
[WhiteElo "2032"]
[BlackElo "2425"]
[PlyCount "56"]
[EventDate "2005.09.24"]
[EventType "swiss"]
[EventRounds "9"]
[EventCountry "IOM"]

1. e4 e5 2. Nf3 Nc6 3. Bb5 a6 4. Bxc6 dxc6 5. Nc3 f6 6. d4 exd4 7. Qxd4 Qxd4 8.
Nxd4 c5 9. Nb3 Bd6 10. Be3 b6 11. Nd5 Be6 12. O-O-O O-O-O 13. f3 Kb7 14. g3 h5
15. Rhg1 Rd7 16. h4 Bxd5 17. Rxd5 Ne7 18. Rd2 Ng6 19. f4 Re7 20. e5 fxe5 21. f5
Nf8 22. Bg5 Rf7 23. Rf1 c4 24. Na1 Nh7 25. c3 Rhf8 26. Rdf2 Bc5 27. Rf3 Nxg5
28. hxg5 e4 0-1

[Event "Monarch Assurance Isle of Man 14th"]
[Site "Port Erin IOM"]
[Date "2005.09.24"]
[Round "1.39"]
[White "Zude, Erik"]
[Black "Henderikse, Bert"]
[Result "1-0"]
[WhiteElo "2424"]
[BlackElo "2028"]
[PlyCount "97"]
[EventDate "2005.09.24"]
[EventType "swiss"]
[EventRounds "9"]
[EventCountry "IOM"]

1. d4 d6 2. Nf3 g6 3. c4 Bg7 4. Nc3 Nf6 5. e4 O-O 6. h3 e5 7. d5 a5 8. Bg5 h6
9. Be3 Na6 10. Be2 Nc5 11. Nd2 Ne8 12. g4 f5 13. gxf5 gxf5 14. Rg1 f4 15. Bxc5
dxc5 16. Bg4 Nf6 17. Bxc8 Rxc8 18. Nf3 Nd7 19. Qe2 Kh7 20. Nh2 Nf6 21. O-O-O
Rg8 22. Nf3 Nd7 23. h4 Bf6 24. Qf1 Rxg1 25. Qxg1 Qg8 26. Qh1 Qf7 27. Ng5+ Bxg5
28. hxg5 h5 29. Rg1 Kg6 30. Qh3 Re8 31. Nb1 Nb6 32. Nd2 Qd7 33. Qa3 Qa4 34.
Qxc5 Qxa2 35. Qxc7 Qa1+ 36. Kc2 Qxg1 37. Qxb6+ Kf7 38. Qf6+ Kg8 39. Qg6+ Kf8
40. Qf6+ Kg8 41. d6 Qg4 42. Qg6+ Kf8 43. Qh6+ Kg8 44. g6 Qd7 45. Qxh5 Re6 46.
c5 b6 47. Qh7+ Qxh7 48. gxh7+ Kxh7 49. d7 1-0

[Event "Monarch Assurance Isle of Man 14th"]
[Site "Port Erin IOM"]
[Date "2005.09.24"]
[Round "1.40"]
[White "Nicholson, John"]
[Black "Kolbus, Dietmar"]
[Result "0-1"]
[WhiteElo "2000"]
[BlackElo "2416"]
[PlyCount "50"]
[EventDate "2005.09.24"]
[EventType "swiss"]
[EventRounds "9"]
[EventCountry "IOM"]

1. e4 c5 2. Nf3 d6 3. c3 Nf6 4. Bb5+ Nbd7 5. Qe2 a6 6. Ba4 b5 7. Bc2 Bb7 8. d4
e5 9. O-O Qc7 10. a4 cxd4 11. axb5 dxc3 12. Nxc3 axb5 13. Rxa8+ Bxa8 14. Nxb5
Qc6 15. Nc3 Be7 16. Rd1 O-O 17. Nd5 Nxd5 18. exd5 Qc7 19. Ng5 Nf6 20. Ne4 Nxd5
21. Qd3 Rc8 22. Bb3 Nb4 23. Qf3 Bd5 24. Bxd5 Nxd5 25. Nxd6 Qxd6 0-1

[Event "Monarch Assurance Isle of Man 14th"]
[Site "Port Erin IOM"]
[Date "2005.09.24"]
[Round "1.41"]
[White "Dworakowska, Joanna"]
[Black "De Lagontrie, Jean"]
[Result "1-0"]
[WhiteElo "2401"]
[BlackElo "1988"]
[PlyCount "75"]
[EventDate "2005.09.24"]
[EventType "swiss"]
[EventRounds "9"]
[EventCountry "IOM"]

1. e4 c5 2. Nf3 Nc6 3. d4 cxd4 4. Nxd4 Nf6 5. Nc3 e5 6. Ndb5 d6 7. Nd5 Nxd5 8.
exd5 Nb8 9. a4 Be7 10. Be3 a6 11. Na3 O-O 12. Nc4 Nd7 13. a5 f5 14. f3 Nf6 15.
Be2 Bd7 16. Qd2 f4 17. Bb6 Qe8 18. Bc7 Qg6 19. Bxd6 Bxd6 20. Nxd6 Rab8 21. Bd3
e4 22. Nxe4 Nxe4 23. Bxe4 Rbe8 24. O-O-O Qd6 25. Qd4 Rf6 26. Rd3 Rc8 27. Rc3
Rxc3 28. Qxc3 Rf8 29. Rd1 Rc8 30. Qd4 Rc5 31. b4 Rb5 32. c3 b6 33. Bd3 Rxa5 34.
bxa5 Qa3+ 35. Kd2 Qa2+ 36. Bc2 Qxa5 37. Qxf4 Qb5 38. Qd6 1-0

[Event "Monarch Assurance Isle of Man 14th"]
[Site "Port Erin IOM"]
[Date "2005.09.24"]
[Round "1.42"]
[White "Martin, Katie"]
[Black "Klenburg, Mikhail"]
[Result "0-1"]
[WhiteElo "1953"]
[BlackElo "2400"]
[PlyCount "84"]
[EventDate "2005.09.24"]
[EventType "swiss"]
[EventRounds "9"]
[EventCountry "IOM"]

1. e4 d6 2. Nc3 Nf6 3. d3 g6 4. g3 Bg7 5. Bg2 O-O 6. h3 c5 7. Be3 Nc6 8. Qd2
Nd4 9. Nd1 e5 10. c3 Ne6 11. Bh6 d5 12. Bxg7 Kxg7 13. exd5 Nxd5 14. Ne3 Nb6 15.
Nf3 f6 16. Rd1 Bd7 17. O-O Bc6 18. Rfe1 Qd7 19. Qe2 Rfe8 20. Ng4 Qd6 21. Qe3
Nf8 22. d4 cxd4 23. cxd4 e4 24. Nd2 f5 25. Ne5 Bd5 26. g4 Qf6 27. Rc1 Ne6 28.
f4 Rec8 29. Kh2 fxg4 30. Nxg4 Qxf4+ 31. Qxf4 Nxf4 32. Bxe4 Bxe4 33. Rxc8 Rxc8
34. Nxe4 Rc2+ 35. Kg3 Ne2+ 36. Kh4 Nxd4 37. Rf1 Nf5+ 38. Kg5 Re2 39. Nc5 h5 40.
Nf2 Ng3 41. Rg1 Rxf2 42. Ne6+ Kf7 0-1

[Event "Monarch Assurance Isle of Man 14th"]
[Site "Port Erin IOM"]
[Date "2005.09.24"]
[Round "1.43"]
[White "Roeder, Mathias"]
[Black "Marks, Ian A"]
[Result "1-0"]
[WhiteElo "2393"]
[BlackElo "1889"]
[PlyCount "55"]
[EventDate "2005.09.24"]
[EventType "swiss"]
[EventRounds "9"]
[EventCountry "IOM"]

1. Nf3 Nf6 2. c4 c5 3. Nc3 Nc6 4. d4 cxd4 5. Nxd4 g6 6. e4 Bg7 7. Be3 Ng4 8.
Qxg4 Nxd4 9. Qd1 Ne6 10. Rc1 d6 11. Bd3 Qa5 12. O-O Bd7 13. Qd2 Rc8 14. a3 g5
15. Rfe1 a6 16. Bf1 Be5 17. Rc2 f6 18. Rb1 Kf7 19. b4 Qd8 20. Nd5 Bc6 21. f3 h5
22. Nb6 Rb8 23. a4 h4 24. a5 Nc7 25. Rcc1 Na8 26. b5 axb5 27. cxb5 Be8 28. Nc4
1-0

[Event "Monarch Assurance Isle of Man 14th"]
[Site "Port Erin IOM"]
[Date "2005.09.24"]
[Round "1.44"]
[White "Fox, Pierre"]
[Black "Palliser, Richard"]
[Result "0-1"]
[WhiteElo "1815"]
[BlackElo "2389"]
[PlyCount "50"]
[EventDate "2005.09.24"]
[EventType "swiss"]
[EventRounds "9"]
[EventCountry "IOM"]

1. c4 e5 2. Nc3 Nf6 3. Nf3 Nc6 4. e3 Bb4 5. Nd5 e4 6. Ng1 O-O 7. a3 Bd6 8. Ne2
Nxd5 9. cxd5 Ne5 10. Nc3 f5 11. d3 exd3 12. Bxd3 Qh4 13. Be2 Ng4 14. g3 Qh3 15.
Bf1 Qh6 16. Bg2 b6 17. Qd3 a5 18. e4 Qf6 19. O-O Ba6 20. Nb5 fxe4 21. Bxe4 Nxf2
22. Bxh7+ Kh8 23. Qf5 Qxf5 24. Bxf5 Rxf5 25. Nxd6 Nh3+ 0-1

[Event "Monarch Assurance Isle of Man 14th"]
[Site "Port Erin IOM"]
[Date "2005.09.24"]
[Round "1.45"]
[White "Sareen, Vishal"]
[Black "McKenzie, Mark"]
[Result "1-0"]
[WhiteElo "2385"]
[BlackElo "1249"]
[PlyCount "61"]
[EventDate "2005.09.24"]
[EventType "swiss"]
[EventRounds "9"]
[EventCountry "IOM"]

1. e4 e5 2. Nf3 Nc6 3. Bb5 a6 4. Ba4 Nf6 5. O-O d6 6. Bxc6+ bxc6 7. d4 Be7 8.
Nc3 O-O 9. dxe5 Ng4 10. exd6 cxd6 11. h3 Nf6 12. Nd4 Bd7 13. Qf3 c5 14. Nf5 Re8
15. Nxe7+ Rxe7 16. Bg5 Re5 17. Bxf6 Qxf6 18. Qxf6 gxf6 19. Rad1 Re6 20. Rd2 Rc8
21. Rfd1 Rc6 22. f4 f5 23. exf5 Rf6 24. Nd5 Kg7 25. Nxf6 Kxf6 26. Rxd6+ Rxd6
27. Rxd6+ Ke7 28. Rxa6 Bxf5 29. c3 Bd7 30. b4 c4 31. a4 1-0

[Event "Monarch Assurance Isle of Man 14th"]
[Site "Port Erin IOM"]
[Date "2005.09.24"]
[Round "1.46"]
[White "Young, Mel"]
[Black "Hughes, Howard R"]
[Result "0-1"]
[WhiteElo "1971"]
[BlackElo "2194"]
[PlyCount "134"]
[EventDate "2005.09.24"]
[EventType "swiss"]
[EventRounds "9"]
[EventCountry "IOM"]

1. e4 d5 2. exd5 Qxd5 3. Nc3 Qa5 4. d4 Nf6 5. Nf3 c6 6. Bc4 Bf5 7. Bd2 e6 8.
Qe2 Bb4 9. Ne5 Nbd7 10. Nxd7 Kxd7 11. O-O-O Rad8 12. a3 Bxc3 13. Bxc3 Qc7 14.
f3 Kc8 15. g4 Bg6 16. Be1 b5 17. Bg3 Qb6 18. Bb3 Rxd4 19. Rxd4 Qxd4 20. Rd1 Qb6
21. Bf2 Qb7 22. Qe3 a6 23. Qc5 Rd8 24. Rxd8+ Kxd8 25. Bh4 {(=)} Ke8 26. Qc3 Qb6
27. Kb1 Qg1+ 28. Ka2 c5 29. Qe5 Qd4 30. Qb8+ Qd8 31. Qxd8+ Kxd8 32. c4 Bd3 33.
cxb5 axb5 34. g5 Nd7 35. g6+ Ke8 36. gxh7 Bxh7 37. Bd1 Bd3 38. Kb3 f6 39. Kc3
Bf1 40. b4 Ke7 41. bxc5 Nxc5 42. Kd4 Nd3 43. Bg3 e5+ 44. Ke3 f5 45. Bh4+ Kd6
46. Bc2 Nf4 47. Bd8 g6 48. Ba5 Kc5 49. Bb4+ Kc4 50. Bd6 Kd5 51. Bb4 Kc6 52. Bd2
Bc4 53. Ba5 Nd5+ 54. Kf2 Kc5 55. Bd2 Kd4 56. Ba5 e4 57. fxe4 fxe4 58. Ke1 Ke3
59. Bd1 Kf4 60. h4 Nf6 61. a4 e3 62. axb5 Bxb5 63. Bc7+ Ke4 64. Bd8 Nd5 65. Be2
Bxe2 66. Kxe2 Nf4+ 67. Ke1 Kf3 0-1

[Event "Monarch Assurance Isle of Man 14th"]
[Site "Port Erin IOM"]
[Date "2005.09.25"]
[Round "2.3"]
[White "Aagaard, Jacob"]
[Black "Epishin, Vladimir"]
[Result "0-1"]
[WhiteElo "2442"]
[BlackElo "2600"]
[PlyCount "80"]
[EventDate "2005.09.24"]
[EventType "swiss"]
[EventRounds "9"]
[EventCountry "IOM"]

1. e4 c6 2. d4 d5 3. Nc3 dxe4 4. Nxe4 Nf6 5. Nxf6+ gxf6 6. c3 Bf5 7. Nf3 e6 8.
g3 Nd7 9. Bg2 Bg4 10. O-O f5 11. Qb3 Qb6 12. Re1 Qxb3 13. axb3 Bd6 14. Nd2 a6
15. Nc4 Bc7 16. d5 cxd5 17. Bxd5 O-O-O 18. Bg2 Nc5 19. Bg5 Rd7 20. f3 Bh5 21.
Be3 Nd3 22. Red1 Rhd8 23. b4 Rd5 24. b5 Rxb5 25. Rd2 f4 26. Bd4 Nc5 27. Bxc5
Rxc5 28. Rxd8+ Kxd8 29. Nd2 fxg3 30. hxg3 Rb5 31. g4 Bg6 32. b4 h5 33. gxh5
Rxh5 34. Ne4 Ke7 35. c4 Rh4 36. b5 axb5 37. c5 f5 38. Nd2 Be8 39. Ra7 Bc6 40.
f4 Rg4 0-1

[Event "Monarch Assurance Isle of Man 14th"]
[Site "Port Erin IOM"]
[Date "2005.09.25"]
[Round "2.5"]
[White "Korneev, Oleg"]
[Black "Zatonskih, Anna"]
[Result "1-0"]
[WhiteElo "2594"]
[BlackElo "2435"]
[PlyCount "101"]
[EventDate "2005.09.24"]
[EventType "swiss"]
[EventRounds "9"]
[EventCountry "IOM"]

1. e4 e5 2. Nf3 Nf6 3. d4 Nxe4 4. Bd3 Nc6 5. dxe5 d5 6. exd6 Nxd6 7. Nc3 Be7 8.
Nd5 O-O 9. O-O Bf5 10. Bf4 Qd7 11. Bxf5 Qxf5 12. Re1 Bf6 13. Bxd6 cxd6 14. c3
h6 15. Qb3 Rab8 16. h3 b5 17. Rad1 Rfd8 18. Rd2 Kh8 19. Qc2 Qxc2 20. Rxc2 Be5
21. a3 a5 22. Nh4 g5 23. Nf5 Kh7 24. g3 Rb7 25. f4 gxf4 26. gxf4 Bh8 27. Kf2
Bg7 28. Kf3 Bh8 29. Rg2 Rg8 30. Rxg8 Kxg8 31. Nxh6+ Kh7 32. Nf5 b4 33. Re8 bxa3
34. bxa3 Rb3 35. a4 Nb4 36. Nde3 Bxc3 37. Nxd6 Bd4 38. Ndf5 Bxe3 39. Rxe3 Rb1
40. Re5 Rb3+ 41. Ke4 Nc6 42. Rc5 Rb4+ 43. Kd5 Nd8 44. Rc4 Rb3 45. Nd4 Rxh3 46.
f5 Rd3 47. Rc7 Kh6 48. Rd7 Ne6 49. fxe6 fxe6+ 50. Kxe6 Ra3 51. Kf6 1-0

[Event "Monarch Assurance Isle of Man 14th"]
[Site "Port Erin IOM"]
[Date "2005.09.25"]
[Round "2.6"]
[White "Greet, Andrew N"]
[Black "Shabalov, Alexander"]
[Result "0-1"]
[WhiteElo "2425"]
[BlackElo "2593"]
[PlyCount "60"]
[EventDate "2005.09.24"]
[EventType "swiss"]
[EventRounds "9"]
[EventCountry "IOM"]

1. d4 Nf6 2. Nf3 e6 3. c4 b6 4. g3 Ba6 5. Qa4 c5 6. Bg2 Bb7 7. O-O cxd4 8. Nxd4
Bxg2 9. Kxg2 Qc8 10. Rd1 Be7 11. Nc3 O-O 12. Bf4 a6 13. Nc2 Qb7+ 14. f3 Rc8 15.
Rd2 b5 16. cxb5 d5 17. Nd4 Nbd7 18. Nc6 Bf8 19. Ne5 Nxe5 20. Bxe5 Nd7 21. Bd4
e5 22. Bf2 d4 23. bxa6 Rxa6 24. Qd1 Nc5 25. Ne4 Nxe4 26. fxe4 Qxe4+ 27. Kg1 g6
28. Rd3 Rac6 29. Qb3 Qxe2 30. Rf1 Rf6 0-1

[Event "Monarch Assurance Isle of Man 14th"]
[Site "Port Erin IOM"]
[Date "2005.09.25"]
[Round "2.7"]
[White "Zude, Erik"]
[Black "Ikonnikov, Vyacheslav"]
[Result "0-1"]
[WhiteElo "2424"]
[BlackElo "2560"]
[PlyCount "80"]
[EventDate "2005.09.24"]
[EventType "swiss"]
[EventRounds "9"]
[EventCountry "IOM"]

1. Nf3 e6 2. c4 f5 3. g3 Nf6 4. Bg2 Be7 5. O-O O-O 6. d4 d6 7. Nc3 a5 8. Bf4
Nbd7 9. c5 dxc5 10. dxc5 c6 11. Nd4 Nxc5 12. Bxc6 g5 13. Bxg5 bxc6 14. Nxc6
Qxd1 15. Rfxd1 Kf7 16. Rac1 Bb7 17. Nxe7 Kxe7 18. Na4 Nxa4 19. Rc7+ Ke8 20.
Rxb7 Rf7 21. Rb5 Nd5 22. Rd4 Nab6 23. f3 Rd7 24. Rh4 Ra6 25. Rc5 Rg7 26. Bd2 a4
27. e4 fxe4 28. fxe4 Ne7 29. a3 Nd7 30. Rc7 Rf7 31. Bc3 Kd8 32. Rb7 e5 33. Rh5
Kc8 34. Rb5 Raf6 35. Bxe5 Rf1+ 36. Kg2 R7f2+ 37. Kh3 Rh1 38. Bc3 Ng8 39. Rh4
Ngf6 40. Bxf6 Nxf6 0-1

[Event "Monarch Assurance Isle of Man 14th"]
[Site "Port Erin IOM"]
[Date "2005.09.25"]
[Round "2.8"]
[White "Kolbus, Dietmar"]
[Black "Postny, Evgeny"]
[Result "1/2-1/2"]
[WhiteElo "2416"]
[BlackElo "2559"]
[PlyCount "81"]
[EventDate "2005.09.24"]
[EventType "swiss"]
[EventRounds "9"]
[EventCountry "IOM"]

1. Nf3 Nf6 2. c4 e6 3. g3 d5 4. Bg2 dxc4 5. Qa4+ c6 6. Qxc4 b5 7. Qc2 Bb7 8.
O-O c5 9. d3 Nbd7 10. a4 a6 11. axb5 axb5 12. Rxa8 Qxa8 13. Nc3 b4 14. Nd1 Be7
15. Ne3 O-O 16. Nc4 Nd5 17. e4 N5b6 18. Nxb6 Nxb6 19. Be3 Rc8 20. Nd2 Nd7 21.
Nc4 Qa6 22. Rc1 Bf6 23. f4 Bd4 24. e5 Bxg2 25. Kxg2 Bxe3 26. Nxe3 Nb6 27. Kf2
h6 28. h4 Rd8 29. Qxc5 Rxd3 30. Rd1 Rxd1 31. Nxd1 Nd5 32. Ne3 Nxe3 33. Kxe3 Qb7
34. Qc2 b3 35. Qe4 Qc7 36. Kd2 h5 37. Qd3 Qa5+ 38. Qc3 Qd5+ 39. Qd3 Qa5+ 40.
Qc3 Qd5+ 41. Qd3 1/2-1/2

[Event "Monarch Assurance Isle of Man 14th"]
[Site "Port Erin IOM"]
[Date "2005.09.25"]
[Round "2.9"]
[White "Gormally, Daniel"]
[Black "Dworakowska, Joanna"]
[Result "1-0"]
[WhiteElo "2557"]
[BlackElo "2401"]
[PlyCount "87"]
[EventDate "2005.09.24"]
[EventType "swiss"]
[EventRounds "9"]
[EventCountry "IOM"]

1. d4 Nf6 2. c4 g6 3. Nc3 Bg7 4. e4 d6 5. f3 O-O 6. Nge2 Nbd7 7. Be3 a6 8. Ng3
c5 9. Be2 cxd4 10. Bxd4 Ne5 11. O-O Be6 12. f4 Nc6 13. Be3 Na5 14. b3 Ng4 15.
Bxg4 Bxc3 16. Rc1 Bxg4 17. Qxg4 Bg7 18. Rcd1 Qc8 19. Qe2 Nc6 20. h4 h5 21. e5
dxe5 22. f5 Nd4 23. Bxd4 exd4 24. fxg6 fxg6 25. Rxf8+ Kxf8 26. Rf1+ Kg8 27.
Qxe7 Qg4 28. Ne4 d3 29. Rf3 d2 30. Nxd2 Qd4+ 31. Rf2 Rf8 32. Nf3 Qb6 33. c5 Qb4
34. Qe6+ Kh8 35. Qxg6 Qxc5 36. b4 Qc1+ 37. Kh2 Qf4+ 38. Kh3 Qxb4 39. Qxh5+ Kg8
40. Qd5+ Kh8 41. Re2 Qb1 42. Re7 b5 43. Qh5+ Kg8 44. Qg4 1-0